Statistics for Kid Icarus Uprising Bosses

Click here to take the quiz!

General Stats

  • This quiz has been taken 55 times
  • The average score is 13 of 25

Answer Stats

ChapterBoss% Correct
The War's EndHades
95%
Medusa's Final BattleMedusa
93%
Dark PitDark Pit
88%
Pandora's Labyrinth of DeceitPandora
83%
Lightning BattlePhosphora
78%
Palutena's TemplePalutena
75%
The Sea Floor PalaceThanatos
73%
The Return of PalutenaTwinbellows
68%
Scorched FeathersAmazon Pandora
60%
The Chaos VortexChaos Kin
60%
Lord of the UnderworldHades' Heart
60%
Magnus and the Dark LordDark Lord Gaol
58%
The Lunar SanctumArlon
55%
The Ring of ChaosPit's Body
50%
Viridi Goddess of NatureCragalanche
48%
The Space Pirate ShipSpace Kraken
48%
The Reaper's Line of SightGreat Reaper
45%
The Lightning ChariotChariot Master
40%
Mysterious InvadersAurum Core
33%
The Heads of the HewdrawHewdraw Reborn
30%
The Aurum BrainAurum Pyrrhon
25%
The Aurum HiveAurum Generator
23%
The Three TrialsThe Great Sacred Treasure
23%
Wrath of the Reset BombReset Bomb Core
10%
The Wish SeedThe Pheonix
3%

Score Distribution

Percentile by Number Answered

Percent of People with Each Score

Your Score History

You have not taken this quiz